00321nam a22001217a 450000500170000002000220001708200170003910000340005624500580009025000060014826000360015430000090019020260311155627.0 a978-0-367-62807-9 a597.482WIL/L aWilson, Carole and Chu, David aLaboratory Zebrafish/cby Carole Wilson and David Chu a2 a.-Boca Ratonb:CRC Pressc,2025 a384p